سیرت رسول اور معا شی مساوات (Record no. 542350)

000 -LEADER
fixed length control field 00374nam a22001337a 4500
082 ## - DEWEY DECIMAL CLASSIFICATION NUMBER
Classification number 297.63
Author Mark TAS
100 ## - MAIN ENTRY--PERSONAL NAME
Personal name Muhammad Taseen
9 (RLIN) 37480
245 ## - TITLE STATEMENT
Title سیرت رسول اور معا شی مساوات
Statement of responsibility, etc. Muhammad Taseen
260 ## - PUBLICATION, DISTRIBUTION, ETC.
Place of publication, distribution, etc. Lahore
Name of publisher, distributor, etc. Nisar art press
Date of publication, distribution, etc. 1999
300 ## - PHYSICAL DESCRIPTION
Extent 14 p.
526 ## - STUDY PROGRAM INFORMATION NOTE
Program name 0
Interest level 0
Reading level 0
Title point value 297_630000000000000_TAS
650 ## - SUBJECT ADDED ENTRY--TOPICAL TERM
Topical term or geographic name entry element MCE
9 (RLIN) 379
942 ## - ADDED ENTRY ELEMENTS (KOHA)
Source of classification or shelving scheme
Koha item type Book
Holdings
Withdrawn status Lost status Source of classification or shelving scheme Damaged status Not for loan Permanent Location Current Location Date acquired Total Checkouts Full call number Barcode Date last seen Date last checked out Price effective from Koha item type
          Military College of Engineering (MCE) Military College of Engineering (MCE) 11/07/2013 1 297.63 TAS MCE-32564 06/17/2019 05/30/2019 11/07/2013 Book
© 2023 Central Library, National University of Sciences and Technology. All Rights Reserved.